[Event "Frankfurt Ch 2009"]
[Site "Ffm-Kalbach, LAZ"]
[Date "2009.06.29"]
[Round "7.1"]
[White "Dubiel, Jacek"]
[Black "Zuyev, Igor"]
[Result "1-0"]
[WhiteElo "2397"]
[BlackElo "2308"]
[PlyCount "53"]
[EventDate "2009.??.??"]
[WhiteTeam "vereinslos"]
[BlackTeam "SC Ladja Roßdorf"]

1. e4 c5 2. Nf3 g6 3. d4 cxd4 4. Qxd4 Nf6 5. e5 Nc6 6. Qa4 Nd5 7. Qe4 Nb6 8.
Nc3 Bg7 9. Bf4 O-O 10. O-O-O f6 11. e6 d6 12. h4 f5 13. Qe3 Rf6 14. Ng5 Qf8 15.
Nb5 Na4 16. c3 Rb8 17. Bc4 a6 18. Nxd6 b5 19. Bb3 Na5 20. Ndf7 Nxb3+ 21. axb3
Bxe6 22. Bxb8 Bxf7 23. Bc7 f4 24. Qf3 Be8 25. bxa4 Rc6 26. Rd8 b4 27. Qxc6 1-0

[Event "Frankfurt Ch 2009"]
[Site "Ffm-Kalbach, LAZ"]
[Date "2009.06.29"]
[Round "7.2"]
[White "Schramm, Christian"]
[Black "Reschke, Stefan"]
[Result "1/2-1/2"]
[WhiteElo "2307"]
[BlackElo "2375"]
[PlyCount "93"]
[EventDate "2009.??.??"]
[WhiteTeam "SC 1959 Obernau"]
[BlackTeam "VSG 1880 Offenbach"]

1. e4 c5 2. Nf3 d6 3. d4 cxd4 4. Nxd4 Nf6 5. Nc3 g6 6. Be3 Bg7 7. f3 Nc6 8. Qd2
Bd7 9. Nb3 a5 10. a4 O-O 11. h4 h5 12. O-O-O Rc8 13. Kb1 Nb4 14. Rc1 Rxc3 15.
bxc3 Nc6 16. Be2 Ne5 17. Bd4 Qc7 18. c4 Ra8 19. Qc3 Nc6 20. c5 Nxd4 21. Qxd4
Be6 22. Qe3 Nd7 23. cxd6 exd6 24. Rhd1 Nb6 25. Bb5 Nc4 26. Bxc4 Qxc4 27. Rd4
Bxd4 28. Qxd4 b5 29. Qxc4 bxc4 30. Nd4 Rb8+ 31. Ka1 Rb4 32. c3 Rb6 33. Rb1
Rxb1+ 34. Kxb1 Kf8 35. Nc6 Bd7 36. Nxa5 Bxa4 37. Nxc4 Ke7 38. Kc1 Ke6 39. Kd2
Bb5 40. Ne3 Ke5 41. c4 Ba6 42. Kd3 Kf4 43. Nd5+ Kg3 44. Nc7 Bxc4+ 45. Kxc4 Kxg2
46. f4 Kg3 47. f5 1/2-1/2

[Event "Frankfurt Ch 2009"]
[Site "Ffm-Kalbach, LAZ"]
[Date "2009.06.29"]
[Round "7.3"]
[White "Rapoport, Vladimir"]
[Black "Zude, Erik"]
[Result "1-0"]
[WhiteElo "2296"]
[BlackElo "2377"]
[PlyCount "113"]
[EventDate "2009.??.??"]
[WhiteTeam "SC Heusenstamm"]
[BlackTeam "SV 1920 Hofheim"]

1. Nf3 Nf6 2. g3 g6 3. Bg2 Bg7 4. O-O O-O 5. d3 c5 6. e4 Nc6 7. Re1 d6 8. c3 e5
9. Nbd2 h6 10. a3 Be6 11. b4 Qd7 12. Bb2 Rfe8 13. d4 cxd4 14. cxd4 Bg4 15. dxe5
dxe5 16. Nc4 Qe6 17. Ne3 Rad8 18. Qa4 Bxf3 19. Bxf3 Nd4 20. Bg2 b5 21. Qxa7 Ra8
22. Bxd4 Nd7 23. Qxa8 Rxa8 24. Bb2 Rc8 25. Nd5 Rc2 26. Bc1 Nb6 27. Nxb6 Qxb6
28. Be3 Qc6 29. Rac1 Bf6 30. h4 Kg7 31. Bc5 Rxc1 32. Rxc1 Qa8 33. Rc3 Qd8 34.
Bf1 Qd2 35. Re3 Qd1 36. Kg2 g5 37. Be2 Qc2 38. h5 g4 39. Bxb5 Bg5 40. Re2 Qc3
41. a4 f5 42. exf5 e4 43. Kh2 e3 44. fxe3 Bf6 45. a5 Qe5 46. Rf2 Qb8 47. Be2
Be5 48. Rg2 Kf6 49. Bxg4 Kg5 50. Kh3 Qb7 51. Be2 Qe4 52. a6 Qb1 53. Kh2 Qe4 54.
a7 Qb7 55. Rf2 Kf6 56. Bf3 Qg7 57. Rg2 1-0

[Event "Frankfurt Ch 2009"]
[Site "Ffm-Kalbach, LAZ"]
[Date "2009.06.29"]
[Round "7.4"]
[White "Solonar, Stefan"]
[Black "Uwira, Oliver"]
[Result "1-0"]
[WhiteElo "2371"]
[BlackElo "2286"]
[PlyCount "55"]
[EventDate "2009.??.??"]
[WhiteTeam "SC Heusenstamm"]
[BlackTeam "SC 1961 König Nied"]

1. e4 e5 2. Nf3 Nc6 3. d4 exd4 4. Nxd4 Qh4 5. Nc3 Bb4 6. Ndb5 Qxe4+ 7. Be2
Bxc3+ 8. bxc3 Kd8 9. O-O d6 10. Ba3 Bd7 11. Re1 Nge7 12. Rb1 Qd5 13. Bd3 a6 14.
c4 Qg5 15. Nxc7 Kxc7 16. Bxd6+ Kc8 17. Qf3 Nf5 18. Re5 Qf6 19. Bxf5 Bxf5 20.
Qxf5+ Qxf5 21. Rxf5 f6 22. Bc5 Re8 23. Bb6 Re5 24. Rxe5 Nxe5 25. Rd1 Nd7 26. c5
a5 27. a4 Ra6 28. Rd6 1-0

[Event "Frankfurt Ch 2009"]
[Site "Ffm-Kalbach, LAZ"]
[Date "2009.06.29"]
[Round "7.6"]
[White "Kosak, Michael"]
[Black "Klundt, Klaus"]
[Result "0-1"]
[WhiteElo "2128"]
[BlackElo "2347"]
[PlyCount "54"]
[EventDate "2009.??.??"]
[WhiteTeam "SK 1858 Gießen"]
[BlackTeam "SF Burgsinn"]

1. d4 d5 2. c4 c6 3. Nf3 Nf6 4. Nc3 e6 5. e3 Nbd7 6. Bd3 dxc4 7. Bxc4 b5 8. Bd3
Bb7 9. O-O a6 10. e4 c5 11. d5 c4 12. Bc2 Qc7 13. dxe6 fxe6 14. Qe2 Bd6 15. Bg5
O-O 16. h3 h6 17. Bd2 Nc5 18. a3 Rad8 19. Rad1 Nd3 20. Bc1 Nxc1 21. Rxc1 Nh5
22. Nh4 Nf4 23. Qg4 Be5 24. Rcd1 h5 25. Qf3 Qe7 26. Ng6 Nxg6 27. Qxh5 Qf6 0-1

[Event "Frankfurt Ch 2009"]
[Site "Ffm-Kalbach, LAZ"]
[Date "2009.06.29"]
[Round "7.7"]
[White "Holzschuh, Gerald"]
[Black "Isserman, Ryhor"]
[Result "0-1"]
[WhiteElo "2150"]
[BlackElo "2266"]
[PlyCount "82"]
[EventDate "2009.??.??"]
[WhiteTeam "SC Bad Nauheim"]
[BlackTeam "SK Bad Homburg 1927"]

1. b4 e5 2. Bb2 d6 3. Nf3 Nf6 4. e3 Be7 5. c4 O-O 6. Be2 e4 7. Nd4 c5 8. Nc2
Nc6 9. b5 Ne5 10. Bxe5 dxe5 11. Nc3 Bf5 12. g4 Be6 13. h4 Nd7 14. d3 Qa5 15.
Qd2 exd3 16. Bxd3 Nb6 17. Ne4 Qxd2+ 18. Nxd2 Bxg4 19. a4 a5 20. f3 Be6 21. Ke2
Rad8 22. e4 Rd7 23. Ne3 Rfd8 24. Nd5 Bxd5 25. cxd5 Nxd5 26. exd5 Rxd5 27. Bxh7+
Kxh7 28. Nc4 Rd4 29. Nxa5 Ra8 30. Nxb7 Rd7 31. Nxc5 Bxc5 32. Rhc1 Bd4 33. Ra2
Rda7 34. Rc4 Ra5 35. f4 Rxb5 36. Kd3 f6 37. fxe5 Bxe5 38. Rg2 Rb3+ 39. Ke4 Ra3
40. Kf5 R8xa4 41. Rxa4 Rxa4 0-1

[Event "Frankfurt Ch 2009"]
[Site "Ffm-Kalbach, LAZ"]
[Date "2009.06.29"]
[Round "7.8"]
[White "Prudlo, Simon"]
[Black "Escher, Helmut"]
[Result "1/2-1/2"]
[WhiteElo "2238"]
[BlackElo "2127"]
[PlyCount "99"]
[EventDate "2009.??.??"]
[WhiteTeam "vereinslos"]
[BlackTeam "SV Oberursel"]

1. Nf3 Nf6 2. g3 d5 3. Bg2 c6 4. d3 g6 5. Nbd2 Bg7 6. e4 dxe4 7. dxe4 O-O 8.
O-O b6 9. Re1 Bb7 10. e5 Ng4 11. h3 Nh6 12. Qe2 Qc8 13. Ne4 c5 14. Bg5 Nc6 15.
g4 Kh8 16. Bf6 Qc7 17. Qc4 Rad8 18. Rad1 Na5 19. Bxg7+ Kxg7 20. Qe2 Nc6 21. Qe3
Rxd1 22. Rxd1 Rd8 23. Re1 Nd4 24. Nxd4 cxd4 25. Qa3 a5 26. Re2 Ng8 27. Qg3 Qc4
28. Qd3 Qxa2 29. c3 Qd5 30. f4 dxc3 31. Qxd5 Bxd5 32. Nxc3 Bxg2 33. Kxg2 Rd4
34. Kf3 Rd3+ 35. Re3 Rxe3+ 36. Kxe3 e6 37. Na4 b5 38. Nb6 Ne7 39. Kd4 b4 40.
Kc5 Nd5 41. Nxd5 exd5 42. Kxd5 a4 43. Kc4 a3 44. bxa3 bxa3 45. Kb3 f6 46. exf6+
Kxf6 47. Kxa3 Ke6 48. Kb3 Kd5 49. Kc3 Ke4 50. f5 1/2-1/2

[Event "Frankfurt Ch 2009"]
[Site "Ffm-Kalbach, LAZ"]
[Date "2009.06.29"]
[Round "7.9"]
[White "Drill, Frank"]
[Black "Kaliski, Erwin"]
[Result "0-1"]
[WhiteElo "2133"]
[BlackElo "2231"]
[PlyCount "68"]
[EventDate "2009.??.??"]
[WhiteTeam "Sfr.Neuberg"]
[BlackTeam "SC Bad Nauheim"]

1. d4 Nf6 2. Nc3 d5 3. Bg5 Bf5 4. f3 Nbd7 5. Qd2 e6 6. e3 Be7 7. Nge2 h6 8. Bf4
a6 9. g4 Bg6 10. Bg3 c5 11. Nf4 cxd4 12. exd4 Bh7 13. h4 Rc8 14. g5 Ng8 15. g6
Bxg6 16. Nxg6 fxg6 17. Bd3 Kf7 18. Ne2 Ngf6 19. Rg1 Nf8 20. O-O-O Nh5 21. Nf4
Nxg3 22. Rxg3 Bxh4 23. Nxg6 Bxg3 24. Nxh8+ Kg8 25. Ng6 Qf6 26. Qg2 Nxg6 27.
Qxg3 Qf4+ 28. Qxf4 Nxf4 29. Kd2 Kf7 30. c3 g5 31. Bc2 h5 32. Rg1 Kf6 33. Ke3 h4
34. a4 a5 0-1

[Event "Frankfurt Ch 2009"]
[Site "Ffm-Kalbach, LAZ"]
[Date "2009.06.29"]
[Round "7.10"]
[White "Rosa, Mike"]
[Black "Schwenkreis, Thomas"]
[Result "1-0"]
[WhiteElo "2119"]
[BlackElo "2041"]
[PlyCount "99"]
[EventDate "2009.??.??"]
[WhiteTeam "Chess Tigers SFV"]
[BlackTeam "SV Oberursel"]

1. e4 e5 2. Nf3 Nc6 3. Bb5 a6 4. Ba4 Nf6 5. O-O d6 6. Re1 Bd7 7. c3 g6 8. d4
Qe7 9. Nbd2 Bg7 10. Nf1 b5 11. Bc2 Na5 12. Bg5 h6 13. Bh4 O-O 14. Ne3 c6 15.
Bg3 Ng4 16. Nf1 Rad8 17. Qe2 exd4 18. cxd4 Nc4 19. b3 Na3 20. Bd3 a5 21. e5
dxe5 22. dxe5 Qb4 23. h3 h5 24. hxg4 hxg4 25. Ng5 Rfe8 26. Rad1 c5 27. e6 Bxe6
28. Bxg6 Rxd1 29. Qxd1 Bf6 30. Nxe6 fxg6 31. Re2 c4 32. Nc7 Rxe2 33. Qxe2 Qe7
34. Qxg4 Qf7 35. Qc8+ Kg7 36. Ne8+ Kh7 37. Qd7 Kg8 38. Bd6 Bb2 39. Qd8 Kh7 40.
Nf6+ Qxf6 41. Qxf6 Bxf6 42. Bxa3 b4 43. Bc1 cxb3 44. axb3 a4 45. bxa4 b3 46. a5
b2 47. Bxb2 Bxb2 48. a6 Bd4 49. Nd2 Kg7 50. Nb3 1-0

[Event "Frankfurt Ch 2009"]
[Site "Ffm-Kalbach, LAZ"]
[Date "2009.06.29"]
[Round "7.11"]
[White "Richter, Tobias"]
[Black "Diaz, Joaquin"]
[Result "0-1"]
[WhiteElo "2099"]
[BlackElo "2162"]
[PlyCount "64"]
[EventDate "2009.??.??"]
[WhiteTeam "SV Merseburg e. V."]
[BlackTeam "SV Griesheim(DA)"]

1. e4 Nf6 2. e5 Nd5 3. d4 d6 4. Nf3 dxe5 5. Nxe5 Nd7 6. Be2 Nxe5 7. dxe5 Bf5 8.
c4 Nb6 9. O-O c6 10. Be3 Qc7 11. f4 e6 12. Nd2 Rd8 13. Qb3 Nd7 14. Rad1 Bc5 15.
Nf3 Bc2 16. Qxc2 Bxe3+ 17. Kh1 Bxf4 18. Qe4 Bh6 19. h4 O-O 20. b4 c5 21. b5
Rfe8 22. g4 g6 23. h5 Bg7 24. hxg6 hxg6 25. Qe3 Nxe5 26. Rxd8 Rxd8 27. Ng5 Qe7
28. Nf3 Nxg4 29. Qf4 f5 30. Kg2 e5 31. Qc1 Bh6 32. Qc3 e4 0-1

[Event "Frankfurt Ch 2009"]
[Site "Ffm-Kalbach, LAZ"]
[Date "2009.06.29"]
[Round "7.12"]
[White "Telljohann, Sven"]
[Black "Schneider, Uwe"]
[Result "1-0"]
[WhiteElo "2415"]
[BlackElo "2010"]
[PlyCount "119"]
[EventDate "2009.??.??"]
[WhiteTeam "Sfr. Schöneck"]
[BlackTeam "SV Kinzigtal"]

1. Nf3 Nf6 2. g3 g6 3. Bg2 Bg7 4. O-O O-O 5. d4 d5 6. Nbd2 c5 7. dxc5 Nbd7 8.
Nb3 Qc7 9. c3 Nxc5 10. Bf4 Qc6 11. Ne5 Qb5 12. Bxd5 Nxb3 13. Bc4 Qc5 14. Qxb3
e6 15. Rad1 Nh5 16. Nd3 Qf5 17. Bd6 Rd8 18. Be7 Re8 19. Ba3 e5 20. e4 Qf3 21.
Ne1 Qf6 22. Rd6 Be6 23. Bxe6 fxe6 24. Rd7 b6 25. Qd1 Red8 26. Rxd8+ Rxd8 27.
Qf3 Qg5 28. h4 Qd2 29. Ng2 Qd7 30. Ne3 Nf6 31. Rd1 Qc7 32. Rxd8+ Qxd8 33. Nc4
Qc7 34. Qd3 b5 35. Nd2 Bh6 36. Nf3 a6 37. Bd6 Qd8 38. Nxe5 Nxe4 39. Qxe4 Qxd6
40. Kg2 Bg7 41. Nf3 Qd5 42. Qxd5 exd5 43. Kf1 Kf7 44. Ke2 Ke7 45. Kd3 Kd6 46.
Ng5 h5 47. Nh3 Bh6 48. Nf4 Bxf4 49. gxf4 Ke6 50. f3 Kf5 51. Ke3 Ke6 52. b3 Kf5
53. a3 a5 54. a4 bxa4 55. bxa4 Ke6 56. Kd4 Kd6 57. f5 gxf5 58. f4 Kc6 59. Ke5
Kc5 60. Kxf5 1-0

[Event "Frankfurt Ch 2009"]
[Site "Ffm-Kalbach, LAZ"]
[Date "2009.06.29"]
[Round "7.13"]
[White "Malek, Daniel"]
[Black "Janotta, Steffi"]
[Result "1-0"]
[WhiteElo "2313"]
[BlackElo "2027"]
[PlyCount "83"]
[EventDate "2009.??.??"]
[WhiteTeam "SV Oberursel"]
[BlackTeam "SC Heusenstamm"]

1. d4 d5 2. Nf3 Nf6 3. c4 c6 4. Nc3 dxc4 5. a4 Bf5 6. Ne5 Nbd7 7. Nxc4 e6 8. f3
Bb4 9. e4 Nxe4 10. fxe4 Qh4+ 11. Kd2 Bxe4 12. Qe1 Qxe1+ 13. Kxe1 Bg6 14. Bf4 c5
15. Bd6 a5 16. Kf2 f6 17. Nb5 Kf7 18. Be2 Rac8 19. Bf3 Bd3 20. b3 Rcd8 21. Bc7
Rdg8 22. d5 e5 23. Nxa5 f5 24. Nxb7 g5 25. g4 e4 26. N7d6+ Kf6 27. Be2 Bc2 28.
gxf5 Bd2 29. Nc4 Bf4 30. Bd1 Bd3 31. Re1 h5 32. a5 h4 33. a6 h3 34. a7 Ra8 35.
Bg4 Rh4 36. Ra6+ Kf7 37. Be2 Bxc4 38. Bxc4 e3+ 39. Rxe3 Bxe3+ 40. Kxe3 Nf6 41.
Bg3 Re4+ 42. Kd3 1-0

[Event "Frankfurt Ch 2009"]
[Site "Ffm-Kalbach, LAZ"]
[Date "2009.06.29"]
[Round "7.14"]
[White "Hierling, Stefan"]
[Black "Brüggemann, Ludger"]
[Result "0-1"]
[WhiteElo "2045"]
[BlackElo "2211"]
[PlyCount "56"]
[EventDate "2009.??.??"]
[WhiteTeam "SK 1927 Dieburg"]
[BlackTeam "Sfr. Olfen 1975"]

1. e4 c5 2. Nc3 Nc6 3. Nf3 d6 4. h3 g6 5. b3 Bg7 6. Bb2 e6 7. Be2 a6 8. a4 Nge7
9. Qc1 O-O 10. Nd1 Nd4 11. Nxd4 cxd4 12. O-O b6 13. c3 Bb7 14. Qb1 f5 15. Bf3
e5 16. cxd4 exd4 17. Ra2 fxe4 18. Bxe4 d5 19. Bd3 Nf5 20. Ba3 Rf7 21. Bxf5 Rxf5
22. b4 Qh4 23. Qd3 Be5 24. Qe2 Re8 25. Qg4 Qf6 26. Kh1 Rg5 27. Qe2 d3 28. Qe1
d4 0-1

[Event "Frankfurt Ch 2009"]
[Site "Ffm-Kalbach, LAZ"]
[Date "2009.06.29"]
[Round "7.15"]
[White "Henrich, Thomas"]
[Black "Rutkowski, Jörg"]
[Result "1-0"]
[WhiteElo "2209"]
[BlackElo "2072"]
[PlyCount "87"]
[EventDate "2009.??.??"]
[WhiteTeam "SK 1858 Gießen"]
[BlackTeam "SC Frankfurt-West"]

1. e4 e6 2. d4 d5 3. Nc3 Nc6 4. Bb5 dxe4 5. Bxc6+ bxc6 6. Nxe4 Qd5 7. Qf3 Bb7
8. Be3 Ne7 9. Nc5 Bc8 10. b3 Nf5 11. c4 Qxf3 12. Nxf3 Nxe3 13. fxe3 Bxc5 14.
dxc5 f6 15. Nd4 Bd7 16. O-O-O e5 17. Nf3 Ke7 18. Rhf1 a5 19. Kb2 a4 20. b4 Be6
21. Kc3 a3 22. Nd2 Rhb8 23. Rb1 Bf7 24. e4 Rd8 25. Nb3 Bg6 26. Rfe1 Rd7 27. Na5
Ra6 28. Re3 Rd4 29. Rbe1 Ke6 30. Nb3 Rd8 31. R1e2 Ra4 32. Na5 Rb8 33. Nxc6 Rba8
34. b5 Be8 35. Nb4 Rd8 36. Kb3 Ra7 37. Rd3 Rd4 38. Kc3 Ra4 39. Rxd4 exd4+ 40.
Kb3 Ra7 41. e5 fxe5 42. Nd3 Bg6 43. Nxe5 Bh5 44. g4 1-0

[Event "Frankfurt Ch 2009"]
[Site "Ffm-Kalbach, LAZ"]
[Date "2009.06.29"]
[Round "7.16"]
[White "Reschke, Thomas"]
[Black "Göbel, Andreas"]
[Result "1-0"]
[WhiteElo "2222"]
[BlackElo "2047"]
[PlyCount "51"]
[EventDate "2009.??.??"]
[WhiteTeam "SC Frankfurt-West"]
[BlackTeam "SC Brett vor'm Kopp Ffm"]

1. c4 c5 2. g3 Nf6 3. Bg2 Nc6 4. Nc3 g6 5. e3 Bg7 6. Nge2 d6 7. d4 O-O 8. O-O
Bd7 9. b3 Qc8 10. Re1 e5 11. Bb2 Bh3 12. Bh1 cxd4 13. exd4 Ng4 14. d5 Qf5 15.
Ne4 Nb4 16. N2c3 Bh6 17. Bg2 Bxg2 18. Kxg2 Rad8 19. Qxg4 Qxg4 20. Nf6+ Kg7 21.
Nxg4 Nc2 22. Nb5 Nxe1+ 23. Rxe1 Bd2 24. Re2 Bb4 25. f4 f6 26. Nc7 1-0

[Event "Frankfurt Ch 2009"]
[Site "Ffm-Kalbach, LAZ"]
[Date "2009.06.29"]
[Round "7.17"]
[White "Schreiner, Roland"]
[Black "Matthis, Peter"]
[Result "1-0"]
[WhiteElo "2153"]
[BlackElo "1843"]
[PlyCount "67"]
[EventDate "2009.??.??"]
[WhiteTeam "SC Heusenstamm"]
[BlackTeam "SC Heusenstamm"]

1. d4 Nf6 2. c4 g6 3. Nc3 Bg7 4. e4 d6 5. f3 O-O 6. Bg5 h6 7. Be3 c6 8. Qd2 Kh7
9. Nge2 e5 10. O-O-O Qc7 11. Kb1 Nbd7 12. Ng3 a6 13. h4 exd4 14. Bxd4 d5 15. e5
Nxe5 16. Qf4 Ne8 17. cxd5 c5 18. d6 Qxd6 19. Nce4 Qd5 20. Bc4 Qxc4 21. Bxe5 Be6
22. b3 Qb4 23. Bxg7 Kxg7 24. Qe5+ Kg8 25. Nxc5 Qb5 26. Qe3 Qb6 27. Rhe1 Ng7 28.
Nge4 Bf5 29. g4 Bxe4+ 30. Nxe4 Qxe3 31. Nf6+ Kh8 32. Rxe3 Ne6 33. Rd7 Kg7 34.
Rxe6 1-0

[Event "Frankfurt Ch 2009"]
[Site "Ffm-Kalbach, LAZ"]
[Date "2009.06.29"]
[Round "7.18"]
[White "Kabir, Razaul"]
[Black "Orwatsch, Gerhard"]
[Result "0-1"]
[WhiteElo "2100"]
[BlackElo "2080"]
[PlyCount "152"]
[EventDate "2009.??.??"]
[WhiteTeam "Sfr. Frankfurt 1921"]
[BlackTeam "SK 1858 Gießen"]

1. e4 d5 2. exd5 Qxd5 3. Nc3 Qa5 4. d4 Nf6 5. Bc4 Bf5 6. Bd2 c6 7. d5 Qc5 8.
dxc6 Nxc6 9. Bb5 a6 10. Ba4 b5 11. Bb3 e6 12. Be3 Qd6 13. Qxd6 Bxd6 14. O-O-O
O-O-O 15. f3 Bc7 16. h4 Rxd1+ 17. Nxd1 h5 18. Nh3 Bxh3 19. Rxh3 Na5 20. Nf2
Nxb3+ 21. axb3 Nd5 22. Bd2 Kd7 23. Nd3 Kc6 24. b4 Bd6 25. b3 Nb6 26. f4 Ra8 27.
Rh1 Nd7 28. Re1 g6 29. g3 Bc7 30. Kb2 Kb7 31. Ne5 Nxe5 32. fxe5 Rd8 33. Bc3 Rd7
34. Re4 Bb6 35. g4 hxg4 36. Rxg4 Kc6 37. h5 gxh5 38. Rh4 Kd5 39. Rxh5 Bd4 40.
Rg5 Bxc3+ 41. Kxc3 Ke4 42. Rh5 Rd1 43. Kb2 Rf1 44. c4 Kd4 45. c5 Rf2+ 46. Ka3
Kd5 47. Rh1 Kxe5 48. Rc1 Rh2 49. Re1+ Kf6 50. Rd1 Rh8 51. Kb2 Ke7 52. Ra1 Ra8
53. Kc3 f5 54. Kd4 Rd8+ 55. Ke3 e5 56. Rxa6 Rd4 57. Ra7+ Ke8 58. Ra8+ Kd7 59.
Ra7+ Kc8 60. Re7 Re4+ 61. Kd3 Kd8 62. Rf7 Rd4+ 63. Ke3 f4+ 64. Kf3 Rxb4 65. Rf5
Rxb3+ 66. Ke4 Re3+ 67. Kd5 f3 68. c6 e4 69. Kd6 Rd3+ 70. Kc5 Rd2 71. Kb6 Rc2
72. Rd5+ Ke7 73. Re5+ Kd6 74. Rxe4 Rxc6+ 75. Kxb5 Rc5+ 76. Kb4 Rf5 0-1

[Event "Frankfurt Ch 2009"]
[Site "Ffm-Kalbach, LAZ"]
[Date "2009.06.29"]
[Round "7.19"]
[White "Ganjian, Mehrdad"]
[Black "Koch, Markus"]
[Result "1/2-1/2"]
[WhiteElo "1834"]
[BlackElo "2008"]
[PlyCount "86"]
[EventDate "2009.??.??"]
[WhiteTeam "Sfr. Frankfurt 1921"]
[BlackTeam "SC Brett vor'm Kopp Ffm"]

1. d4 c5 2. d5 d6 3. c4 e5 4. Nc3 f5 5. e4 Nf6 6. Bd3 g6 7. Nge2 Bg7 8. f3 Na6
9. a3 O-O 10. Rb1 fxe4 11. Nxe4 Nxe4 12. Bxe4 Qh4+ 13. Ng3 Bd7 14. O-O Bh6 15.
Bxh6 Qxh6 16. Qc1 Qh4 17. Qc2 Rf7 18. Rf2 Kg7 19. Qb3 Rb8 20. Qe3 b5 21. cxb5
Bxb5 22. Ne2 Bxe2 23. Qxe2 Rb6 24. g3 Qg5 25. Rbf1 Nc7 26. Kg2 Nb5 27. h4 Qe7
28. Qe3 Nd4 29. h5 g5 30. Bd3 Kh8 31. Qe4 Rb8 32. Qg4 a5 33. Re1 Rbf8 34. Be4
Rg8 35. h6 Rf6 36. Rff1 Qf7 37. Rc1 Ne2 38. Rce1 Nf4+ 39. Kf2 Qb7 40. gxf4
Qxb2+ 41. Re2 Qd4+ 42. Ke1 Qa1+ 43. Kf2 Qd4+ 1/2-1/2

[Event "Frankfurt Ch 2009"]
[Site "Ffm-Kalbach, LAZ"]
[Date "2009.06.29"]
[Round "7.20"]
[White "Czech, Ludwig"]
[Black "Kretner, Georg-Ulrich"]
[Result "1/2-1/2"]
[WhiteElo "2085"]
[BlackElo "1850"]
[PlyCount "94"]
[EventDate "2009.??.??"]
[WhiteTeam "VSG 1880 Offenbach"]
[BlackTeam "SC Bad Nauheim"]

1. c4 g6 2. g3 Bg7 3. Bg2 Nf6 4. Nc3 d6 5. e4 O-O 6. Nge2 c6 7. O-O a5 8. h3 e5
9. d3 Na6 10. Be3 Be6 11. b3 Ne8 12. d4 exd4 13. Bxd4 Bxd4 14. Qxd4 Qf6 15.
Rad1 Qxd4 16. Rxd4 Nc5 17. Rfd1 f5 18. Nf4 fxe4 19. Nxe6 Nxe6 20. Rxe4 Nc5 21.
Red4 Rf7 22. Ne4 Nxe4 23. Rxe4 Kf8 24. f4 Re7 25. Kf2 Rd8 26. Red4 Ra8 27. Bf3
c5 28. Re4 Rxe4 29. Bxe4 Ra7 30. Bf3 a4 31. Rd3 axb3 32. axb3 Ra2+ 33. Ke3 b6
34. Bc6 Rb2 35. Ba4 Ke7 36. Ke4 Nc7 37. Re3 d5+ 38. Kf3+ Kd6 39. Rd3 d4 40. Rd1
Rc2 41. Rd3 Rc1 42. Rd2 Rc3+ 43. Kf2 Ne6 44. Re2 Ng7 45. Re5 Nf5 46. Rd5+ Ke7
47. Rd7+ Kf6 1/2-1/2

[Event "Frankfurt Ch 2009"]
[Site "Ffm-Kalbach, LAZ"]
[Date "2009.06.29"]
[Round "7.21"]
[White "Grass, Ernest"]
[Black "Kreiling, Carsten"]
[Result "0-1"]
[WhiteElo "1948"]
[BlackElo "2114"]
[PlyCount "58"]
[EventDate "2009.??.??"]
[WhiteTeam "Sfr. Braunfels e.V."]
[BlackTeam "SVG Eppstein 1932"]

1. e4 c5 2. Nf3 d6 3. d4 cxd4 4. Nxd4 Nf6 5. Nc3 g6 6. Be3 Bg7 7. f3 Nc6 8. Qd2
O-O 9. g4 Be6 10. Nxe6 fxe6 11. O-O-O Ne5 12. Be2 Rc8 13. h4 Qa5 14. h5 Nc4 15.
Bxc4 Rxc4 16. hxg6 hxg6 17. Qh2 Rxc3 18. bxc3 Qxc3 19. Bd4 Qxf3 20. g5 Nh5 21.
Bxg7 Kxg7 22. Rde1 Rf4 23. Rhf1 Qa3+ 24. Kb1 Qb4+ 25. Kc1 e5 26. Qg2 Qc3 27.
Rg1 Qa1+ 28. Kd2 Qd4+ 29. Kc1 Rf2 0-1

[Event "Frankfurt Ch 2009"]
[Site "Ffm-Kalbach, LAZ"]
[Date "2009.06.29"]
[Round "7.22"]
[White "Marzahn, Heiko"]
[Black "Pauner, Jean-Marie"]
[Result "1-0"]
[WhiteElo "1985"]
[BlackElo "1843"]
[PlyCount "77"]
[EventDate "2009.??.??"]
[WhiteTeam "Sfr.Erbach"]
[BlackTeam "Sfr.1891 Friedberg"]

1. e4 g6 2. f4 Bg7 3. Nf3 d6 4. Nc3 Nf6 5. d4 O-O 6. Bd3 Nc6 7. O-O Bg4 8. Be3
Nd7 9. e5 Nb4 10. Bc4 e6 11. a3 Nc6 12. Qe1 Ne7 13. Kh1 d5 14. Be2 c6 15. Ng5
Bxe2 16. Nxe2 Nf5 17. Bg1 h6 18. Nf3 Kh7 19. g4 Ne7 20. Qh4 Rh8 21. Ng3 Kg8 22.
Qh3 Rh7 23. f5 exf5 24. gxf5 Nxf5 25. Nxf5 gxf5 26. Qxf5 Nf8 27. Be3 Qd7 28.
Qh5 Qe6 29. Nh4 Re8 30. Rg1 Ng6 31. Nxg6 fxg6 32. Rxg6 Qf7 33. Qg4 Kh8 34. Rg1
h5 35. Qh3 c5 36. c3 cxd4 37. e6 Qe7 38. Rxg7 Qxg7 39. Bxd4 1-0

[Event "Frankfurt Ch 2009"]
[Site "Ffm-Kalbach, LAZ"]
[Date "2009.06.29"]
[Round "7.23"]
[White "Syed, Tareq"]
[Black "Minor, Dieter"]
[Result "1-0"]
[WhiteElo "2118"]
[BlackElo "1848"]
[PlyCount "105"]
[EventDate "2009.??.??"]
[WhiteTeam "SC Brett vor'm Kopp Ffm"]
[BlackTeam "SV Wiesbaden 1885"]

1. d3 d5 2. g3 b6 3. Bg2 Bb7 4. Nd2 e5 5. e4 dxe4 6. Nxe4 Nc6 7. a3 Be7 8. Nf3
h6 9. O-O f5 10. Ned2 Bd6 11. Nh4 Nf6 12. Bh3 Bc8 13. Bxf5 Bxf5 14. Nxf5 Qd7
15. Qf3 O-O 16. Nb3 Kh7 17. Nh4 Ne7 18. Qg2 c5 19. Nd2 Rac8 20. b3 Nc6 21. Bb2
Rce8 22. Rad1 Nd4 23. c3 Nc6 24. Ne4 Bc7 25. Nxf6+ Rxf6 26. Qe4+ Kg8 27. Rfe1
Ref8 28. Re2 Qh3 29. Ng2 Ne7 30. Qh4 Qe6 31. Qc4 Qd5 32. Qxd5+ Nxd5 33. c4 Ne7
34. f4 Nc6 35. Rf1 Nd4 36. Bxd4 exd4 37. h4 g5 38. hxg5 hxg5 39. Re4 Kg7 40.
Re7+ R8f7 41. Rxf7+ Rxf7 42. fxg5 Rxf1+ 43. Kxf1 Bxg3 44. Ke2 a5 45. a4 Kg6 46.
Kf3 Bh2 47. Kg4 Bd6 48. Nh4+ Kf7 49. Kf5 Bh2 50. g6+ Ke7 51. Nf3 Bd6 52. Ne5
Kf8 53. Nd7+ 1-0

[Event "Frankfurt Ch 2009"]
[Site "Ffm-Kalbach, LAZ"]
[Date "2009.06.29"]
[Round "7.24"]
[White "Benninger, Rudolf"]
[Black "Benikhis, Avram"]
[Result "1-0"]
[WhiteElo "2141"]
[BlackElo "1762"]
[PlyCount "103"]
[EventDate "2009.??.??"]
[WhiteTeam "SC Heusenstamm"]
[BlackTeam "SC Eschbach i. USI-Land"]

1. e4 e5 2. Nf3 Nc6 3. Bb5 a6 4. Ba4 b5 5. Bb3 Na5 6. O-O Nxb3 7. axb3 d6 8. d4
exd4 9. Qxd4 Bb7 10. Nc3 Qd7 11. Re1 c5 12. Qd3 O-O-O 13. Nd5 Kb8 14. Bd2 Ne7
15. Nb6 Qe6 16. c4 b4 17. Nd5 f6 18. Ra4 Nc6 19. Rea1 Be7 20. Bf4 g5 21. Bg3 h5
22. h4 g4 23. Qe3 Ne5 24. Nd4 Qd7 25. Nf5 Bxd5 26. cxd5 Kb7 27. Qe2 Ra8 28.
Rxa6 c4 29. Rxa8 Rxa8 30. Rxa8 Kxa8 31. bxc4 Bd8 32. Qe1 Qa4 33. Nxd6 Bb6 34.
Bxe5 fxe5 35. Nb5 g3 36. Kf1 gxf2 37. Qc1 Qb3 38. c5 Qd3+ 39. Kxf2 Qxb5 40.
cxb6 Qxb6+ 41. Qe3 Qf6+ 42. Ke2 Qxh4 43. Kd3 Qf6 44. Kc4 Qf1+ 45. Kxb4 Qxg2 46.
b3 Qg6 47. Kc5 h4 48. d6 Qe6 49. Qd3 h3 50. d7 Qe7+ 51. Kc6 Qd8 52. Qa6+ 1-0

[Event "Frankfurt Ch 2009"]
[Site "Ffm-Kalbach, LAZ"]
[Date "2009.06.29"]
[Round "7.25"]
[White "Winand, Edgar"]
[Black "Perlitz, Sven"]
[Result "1/2-1/2"]
[WhiteElo "2055"]
[BlackElo "2152"]
[PlyCount "106"]
[EventDate "2009.??.??"]
[WhiteTeam "SV Oberursel"]
[BlackTeam "SC 1961 König Nied"]

1. Nf3 g6 2. d4 Bg7 3. e3 Nf6 4. b3 c5 5. Bb2 cxd4 6. exd4 O-O 7. Nbd2 d5 8.
Bd3 Nc6 9. a3 Nh5 10. g3 Bh3 11. Ng5 Bg2 12. Rg1 e5 13. Nxh7 Re8 14. Rxg2 e4
15. Be2 Nxd4 16. Bxh5 Nf3+ 17. Kf1 Bxb2 18. Ra2 Bc3 19. Bxf3 exf3 20. Nxf3 Kxh7
21. Rg1 d4 22. Kg2 Qd5 23. Qd3 Kg7 24. Rd1 Rad8 25. a4 a6 26. a5 g5 27. Ra4 Rc8
28. Kg1 Qb5 29. Nxd4 Qxd3 30. Rxd3 Bxd4 31. Raxd4 Rxc2 32. Rb4 Re7 33. Kg2 Rc5
34. Ra4 Rb5 35. b4 Re2 36. Kf3 Rb2 37. Ke3 R2xb4 38. Rxb4 Rxb4 39. Rd4 Rb5 40.
Ra4 f5 41. h3 Kf6 42. Ra3 Rb4 43. f4 gxf4+ 44. gxf4 Kg6 45. Kf3 Rb5 46. Kg3 Kh5
47. h4 Rc5 48. Kh3 Rc4 49. Rb3 Rxf4 50. Rxb7 Rxh4+ 51. Kg3 Ra4 52. Rg7 Rxa5 53.
Kf4 Rb5 1/2-1/2